00656nam a2200181 a 4500001000400000003000500004005001700009008004100026040002000067100003000087245006700117260009700184300001000281490006200291942001300353999001300366952009500379823CDMR20131014122228.0130130s1947||||||||||||||||||||||||||||d aCDMRbcatcCDMR1 aSimón Diaz, José964613aEl Arpa del Creyenteb(Madrid 1842)cpor José Simón Díaz aMadridc1947bConsejo Superior de Investigaciones Científicas. Instituto Nicolás Antonio a41 p.0 aColección de Índices de Publicaciones Periódicasv7 cMON2udc c823d823 00104070aCDMRbCDMRd2013-01-16l0oDt 13/27pCDMR13096981r2013-01-16w2013-01-16yRES